000 00800cab a2200253 4500
001 WB2928-03
008 090401t1993 xxu||||| |||| 00| 0 eng d
035 _a(Sirsi) u76770
041 _aeng
245 _aScottish housing dampness survey
260 _c1993
350 _a0
490 _aScotsman
_v21 July 1993, 6
490 _aHousing
_v21 July 1993, 6(3)
520 _aThe first Scottish House Condition Survey carried out by Scottish Homes shows more than a quarter of homes in Scotland suffer from damp, with the private rented sector suffering the most.
650 _aCOSTS
650 _aHOUSE CONDITION SURVEY
650 _aSCOTLAND
650 _aSTATISTICS
650 _aUNFIT HOUSES
690 _aBUILT ENVIRONMENT-BUILDING INSPECTION
942 _n0
948 _c04/03/1997
999 _c48233
_d48233